000 01273nam a2200229Ia 4500
003 Ost
005 20260507075637.0
008 260507s9999||||xx |||||||||||||| ||und||
020 _a9957110691
040 _cfsecg
041 _aara
082 _a657.45
100 _aعبد الله، خالد أمين
_eمؤلف
245 0 _aعلم تدقيق الحسابات :
_bالناحية النظرية والعملية /
_c خالد أمين عبد الله
260 _aعمان:
_bدار وائل للطباعة و النشر,
_c2000
300 _a380 صفحة؛
_bإيضاحات ؛
_c24 سم
504 _aمراجع ص.375
520 _aمدخل الى تدقيق الحسابات- أنواع التدقيق- قواعد التدقيق المتعارف عليها- قواعد السلوك المهني- مدقق الحسابات- الإثبات في التدقيق- إجراءات تنفيذ عملية التدقيق- تدقيق الأصول المتداولة- تدقيق الإلتزمات قصيرة الأجل وطويلة الأجل- تدقيق الحقوق الملكية- تدقيق القوائم المالية- التدقيق في الجهاز الحكومي.
653 _aالمحاسبة
653 _aتدقيق الحسابات
942 _cكتاب
999 _c45315
_d45315